Estadísticas para libros de la biblia

Haz click aquí para intentar la prueba.

Estadísticas generales

  • Esta prueba ha sido intentada 117 veces
  • La puntuación promedio es 28 de 66

Estadísticas de respuestas

ordenlibro% Correcto
1genesis
94%
66apocalipsis
67%
43juan
67%
40mateo
67%
2exodo
61%
3levitico
56%
42lucas
56%
41marcos
56%
20proverbios
56%
19salmos
56%
27daniel
50%
5deuteronomio
50%
23isaias
50%
24jeremias
50%
6josue
50%
7jueces
50%
4numeros
50%
8rut
50%
131 cronicas
44%
601 pedro
44%
111 reyes
44%
91 samuel
44%
142 cronicas
44%
632 juan
44%
122 reyes
44%
102 samuel
44%
643 juan
44%
22cantares
44%
21eclesiastes
44%
17ester
44%
44hechos
44%
18job
44%
39malaquias
44%
36sofonias
44%
621 juan
39%
521 tesalonicenses
39%
532 tesalonicenses
39%
15esdras
39%
64judas
39%
16nehemias
39%
28oseas
39%
45romanos
39%
59santiago
39%
461 corintios
33%
541 timoteo
33%
472 corintios
33%
612 pedro
33%
552 timoteo
33%
31abdias
33%
51colosenses
33%
49efesios
33%
26ezequiel
33%
57filemon
33%
48galatas
33%
35habacuc
33%
37hageo
33%
32jonas
33%
25lamentaciones
33%
56tito
33%
38zacarias
33%
58hebreos
28%
34nahum
28%
30amos
22%
50filipenses
22%
29joel
22%
33miqueas
22%

Distribución de puntuación

Porcentaje por número respondido

Porcentaje de gente con cada puntuación

Historial de tus puntuaciones

No has intentado esta prueba.